| 000 | 00000nam##2200000za#4500 |
| 001 | 9.691503 |
| 003 | CaOODSP |
| 005 | 20210624232808 |
| 007 | cr ||||||||||| |
| 008 | 150407|2007||||xxc|||||o f|0| 0 eng|d |
| 020 | |a978-1-100-10949-7 |
| 040 | |aCaOODSP|beng |
| 043 | |an-cn--- |
| 086 | 1 |aA52-127/2007E-PDF |
| 110 | 1 |aCanada. |bAgriculture and Agri-Food Canada. |
| 245 | 10|aPrince Edward Island, reduce pre-plant soil-applied P and maintain carrot yield |h[electronic resource] |
| 260 | |aOttawa - Ontario : |bAgriculture and Agri-Food Canada |cc2007. |
| 300 | |a2p.|bgraphs, table |
| 590 | |a10-10-Supp|b2010-11-09 |
| 690 | 07|aCarrots|2gcpds |
| 690 | 07|aFertilizers|2gcpds |
| 775 | 08|tÎle-du-Prince-Édouard, réduire l'épandage au sol de P avant plantation et maintenir les rendement en carottes |w(CaOODSP)9.635831 |
| 856 | 40|ahttp://publications.gc.ca|qPDF|s320 KB|uhttps://publications.gc.ca/collections/collection_2009/agr/A52-127-2007E.pdf |
| 986 | |aAAFC No. 10344E |